| 000 | 00696cam a2200205 a 4500 | ||
|---|---|---|---|
| 001 | 000009381 | ||
| 005 | 20200929161556.0 | ||
| 008 | 850521s1984 cl 000 f spa | ||
| 040 |
_aDO-SdBNP _cDLC _dDLC |
||
| 082 |
_aCh863.42 _bR457t |
||
| 100 | 1 |
_aReyes, Salvador, _d1899-1970. _924162 |
|
| 245 | 1 | 4 |
_aLos tripulantes de la noche : _btexto completo / _cSalvador Reyes. |
| 260 |
_aSantiago, (Chile) : _bAndrés Bello, _c[1984]. |
||
| 300 |
_a178 p. ; _c19 cm. |
||
| 490 | 1 |
_aClub de lectores Andrés Bello _v64 |
|
| 650 | 4 |
_aNovela chilena _93163 |
|
| 650 | 4 |
_aLiteratura chilena _ySIGLO XX _914677 |
|
| 830 | 0 |
_aClub de lectores Andrés Bello ; _v64 _924163 |
|
| 910 | _aCatalogación por copia / LC | ||
| 999 |
_c9141 _d9141 |
||